[Event "Biel Rapid op 57th"]
[Site "Biel"]
[Date "2024.07.14"]
[Round "2"]
[White "Ademi, Rexhe"]
[Black "Mutter, Kevin"]
[Result "0-1"]
[WhiteElo "1635"]
[BlackElo "1856"]
[PlyCount "92"]
[EventDate "2024.07.14"]
[EventType "swiss (rapid)"]
[EventRounds "9"]
[EventCountry "SUI"]
[SourceTitle "EXT 2025"]
[Source "ChessBase"]
[SourceDate "2024.10.14"]
[SourceVersion "1"]
[SourceVersionDate "2024.10.14"]
[SourceQuality "1"]

1. Nf3 c5 2. d3 Nc6 3. g3 Nf6 4. Bg2 g6 5. 0-0 Bg7 6. c3 d5 7. Bg5 0-0 8. Nbd2 e5 9. e4 d4 10. cxd4 cxd4 11. Qb3 Qe7 12. Rac1 h6 13. Bxf6 Bxf6 14. Nc4 Re8 15. Qa4 Qb4 16. Qxb4 Nxb4 17. Nd6 Rd8 18. Nxc8 Raxc8 19. Rxc8 Rxc8 20. Rd1 Rc2 21. Rd2 Rc1+ 22. Bf1 Nxa2 23. b3 Nc3 24. Rb2 Kf8 25. Nd2 b5 26. b4 Be7 27. Kg2 Ra1 28. Nb3 Ra2 29. Rxa2 Nxa2 30. Nc5 Nxb4 31. Nd7+ Ke8 32. Nxe5 a5 33. Kf3 a4 34. Bh3 a3 35. Bd7+ Kd8 36. Bxb5 a2 37. Nxf7+ Kc7 38. Bc4 a1Q 39. Nxh6 Qd1+ 40. Kf4 Qd2+ 41. Ke5 Qxh6 42. Kxd4 Qd2 43. f4 Nc2+ 44. Ke5 Qc3+ 45. Ke6 Qf6+ 46. Kd5 Qd6# 0-1

[Event "Biel Rapid op 57th"]
[Site "Biel"]
[Date "2024.07.14"]
[Round "5"]
[White "Mutter, Kevin"]
[Black "Caduff, Simon"]
[Result "0-1"]
[WhiteElo "1856"]
[BlackElo "1694"]
[PlyCount "104"]
[EventDate "2024.07.14"]
[EventType "swiss (rapid)"]
[EventRounds "9"]
[EventCountry "SUI"]
[SourceTitle "EXT 2025"]
[Source "ChessBase"]
[SourceDate "2024.10.14"]
[SourceVersion "1"]
[SourceVersionDate "2024.10.14"]
[SourceQuality "1"]

1. c4 e6 2. g3 Nf6 3. Bg2 Nc6 4. Nf3 d5 5. b3 dxc4 6. bxc4 Bc5 7. e3 Qd3 8. Bf1 Qf5 9. Nc3 Nb4 10. Nh4 Nc2+ 11. Ke2 Qh5+ 12. f3 Nxa1 13. Bb2 0-0 14. Qxa1 a6 15. Na4 Be7 16. Ng2 Bd7 17. Nc3 e5 18. g4 Bxg4 19. fxg4 Nxg4 20. Ke1 Bh4+ 21. Nxh4 Qxh4+ 22. Ke2 Qf2+ 23. Kd3 Rad8+ 24. Kc2 Qxd2+ 25. Kb3 Qxe3 26. h4 Qb6+ 27. Ka3 Ne3 28. Qc1 Qc5+ 29. Kb3 b5 30. cxb5 axb5 31. Rh3 Nxf1 32. Qxf1 Rd4 33. a3 b4 34. axb4 Rxb4+ 35. Kc2 Rfb8 36. Ba3 Qc4 37. Qxc4 Rxc4 38. Rd3 h6 39. Rd7 Rxh4 40. Nd5 Rh2+ 41. Kd3 f6 42. Ne7+ Kh7 43. Nf5 Rg2 44. Ke4 Rb3 45. Bf8 Rg4+ 46. Kd5 Rd3+ 47. Ke6 Rxd7 48. Kxd7 h5 49. Kxc7 h4 50. Kd7 h3 51. Ne3 Rd4+ 52. Ke6 h2 0-1

[Event "Biel Rapid op 57th"]
[Site "Biel"]
[Date "2024.07.14"]
[Round "1"]
[White "Mutter, Kevin"]
[Black "Materia, Marco"]
[Result "0-1"]
[WhiteElo "1856"]
[BlackElo "2453"]
[PlyCount "88"]
[EventDate "2024.07.14"]
[EventType "swiss (rapid)"]
[EventRounds "9"]
[EventCountry "SUI"]
[SourceTitle "EXT 2025"]
[Source "ChessBase"]
[SourceDate "2024.10.14"]
[SourceVersion "1"]
[SourceVersionDate "2024.10.14"]
[SourceQuality "1"]

1. c4 Nf6 2. Nc3 e5 3. g3 Bb4 4. Bg2 0-0 5. Nf3 Re8 6. 0-0 c6 7. d4 e4 8. Ne1 d5 9. cxd5 cxd5 10. Nc2 Bxc3 11. bxc3 Be6 12. Bg5 Nbd7 13. c4 dxc4 14. Bxe4 Bh3 15. Bg2 Bxg2 16. Kxg2 b5 17. Re1 Qb6 18. f3 h6 19. Be3 b4 20. Rb1 a5 21. Bf2 Nd5 22. Qd2 f5 23. e4 fxe4 24. fxe4 Nc3 25. Qxc3 bxc3 26. Rxb6 Nxb6 27. d5 Nd7 28. Bd4 Nf6 29. Kf3 Rf8 30. Bxf6 Rxf6+ 31. Ke3 Raf8 32. e5 Rf2 33. Rc1 Rd2 34. Nd4 Rd3+ 35. Ke4 Rf2 36. d6 Rfd2 37. Nf5 Re2+ 38. Kf4 g5+ 39. Kg4 Rxe5 40. Nxh6+ Kg7 41. Nf5+ Kf6 42. Rf1 Ke6 43. Kxg5 c2 44. Rc1 Rxf5+ 0-1

[Event "Biel Rapid op 57th"]
[Site "Biel"]
[Date "2024.07.14"]
[Round "7"]
[White "Mutter, Kevin"]
[Black "Wilhelm, Marco"]
[Result "1/2-1/2"]
[WhiteElo "1856"]
[BlackElo "1498"]
[PlyCount "107"]
[EventDate "2024.07.14"]
[EventType "swiss (rapid)"]
[EventRounds "9"]
[EventCountry "SUI"]
[SourceTitle "EXT 2025"]
[Source "ChessBase"]
[SourceDate "2024.10.14"]
[SourceVersion "1"]
[SourceVersionDate "2024.10.14"]
[SourceQuality "1"]

1. c4 e6 2. g3 d5 3. Bg2 c6 4. b3 f5 5. Nf3 Nf6 6. 0-0 Bd6 7. d4 0-0 8. Bb2 Bd7 9. Nc3 Be8 10. cxd5 exd5 11. Nd2 Ne4 12. f3 Nxc3 13. Bxc3 Nd7 14. Qc2 Bg6 15. f4 Bh5 16. Nf3 Qe7 17. Ne5 Nxe5 18. fxe5 Bb4 19. Bf3 Bg6 20. Qd2 Bxc3 21. Qxc3 f4 22. Bg2 fxg3 23. Qxg3 Qb4 24. Qe3 Qb5 25. Bf3 Qb4 26. Rf2 Qe7 27. Raf1 Rf7 28. Bg4 Raf8 29. Rxf7 Rxf7 30. Rxf7 Bxf7 31. e6 Bg6 32. Qe5 h6 33. Qb8+ Kh7 34. Qf4 Qg5 35. e3 Kg8 36. h3 Be8 37. Kf2 Qxf4+ 38. exf4 g6 39. f5 gxf5 40. Bxf5 Kf8 41. Kf3 Ke7 42. Kf4 Kf6 43. h4 h5 44. b4 b5 45. a3 a6 46. e7 Kxe7 47. Bc8 Kd6 48. Bxa6 Kc7 49. Ke5 Bd7 50. Kf6 Bg4 51. Kg5 Bf3 52. Kh6 Bg4 53. Kg5 Bf3 54. Kh6 1/2-1/2